Wuthering Heights (Record no. 14702)
[ view plain ]
| 000 -LEADER | |
|---|---|
| fixed length control field | 003270000a22001570004500 |
| 001 - CONTROL NUMBER | |
| control field | 002794 |
| 003 - CONTROL NUMBER IDENTIFIER | |
| control field | MACL |
| 040 ## - CATALOGING SOURCE | |
| Original cataloging agency | MACL |
| 090 ## - LOCALLY ASSIGNED LC-TYPE CALL NUMBER (OCLC); LOCAL CALL NUMBER (RLIN) | |
| -- | 14787 |
| -- | 14786 |
| 100 ## - MAIN ENTRY--PERSONAL NAME | |
| Personal name | Bronte, Emity |
| 245 ## - TITLE STATEMENT | |
| Title | Wuthering Heights |
| Statement of responsibility, etc. | Emity Bronte |
| 260 ## - PUBLICATION, DISTRIBUTION, ETC. (IMPRINT) | |
| Place of publication, distribution, etc. | Mansi Publishing House |
| 350 ## - PRICE (NR) (BK AM CF MU VM SE) [OBSOLETE] | |
| Price | 90 |
| 650 ## - SUBJECT ADDED ENTRY--TOPICAL TERM | |
| Topical term or geographic name as entry element | Fiction |
| 942 ## - ADDED ENTRY ELEMENTS (KOHA) | |
| Call number prefix | 823 |
| Koha item type | Library Membar |
| Withdrawn status | Lost status | Damaged status | Not for loan | Home library | Current library | Date acquired | Total Checkouts | Full call number | Barcode | Date last seen | Uniform Resource Identifier | Price effective from | Koha item type |
|---|---|---|---|---|---|---|---|---|---|---|---|---|---|
| MACL | MACL | 823 Book | CRE21460 | 29/04/2015 | 14589 | 15/04/2015 | Books |









